00514nam a22001577a 450000500170000002000270001708200150004410000210005924500830008025000110016326000420017427000730021630000330028970000170032270000170033920230927112142.0 a9789390649396c1695.00 a7962First aChaudhary, Vivek aPhysical Education and Sports/cby Vivek Chaudhary, Bimla Pawa and Amita Joshi aFirst  aNew DelhibFriends Publication c2022 a101, 4787/23, Ansari Road, DaryaganjbNew Delhi e110002k9811197091 a304p.bReferencesc28cm(pbk) aPawar, Bimla aJoshi, Amita